000 00356 a2200133 4500
001 64707
040 _cAnchieta - Pituba
100 _aVASCONCELOS, Rodrigo Almeida Reis de
240 1 0 _a1ª Avaliação de Inglês, 3ª série
_lpor
245 1 0 _a1ª Avaliação de Inglês, 3ª série
362 0 _a2018
650 4 _aInglês e inglês antigo
942 _cBK
999 _c64707
_d64707